[Event "XXXV Olimpiadi"]
[Site "Bled SLO"]
[Date "2002.10.31"]
[Round "6.4"]
[White "Arlandi, Ennio"]
[Black "Ibrahimov, Rasul"]
[Result "1-0"]
[WhiteElo "2448"]
[BlackElo "2466"]
[Annotator "ITA-AZE"]
[PlyCount "99"]
[EventDate "2002.10.26"]

1. d4 Nf6 2. c4 e6 3. Nc3 Bb4 4. Qc2 O-O 5. a3 Bxc3+ 6. Qxc3 b6 7. Bg5 Ba6 8.
e3 d6 9. Nf3 Nbd7 10. Bd3 c5 11. b4 cxd4 12. exd4 Rc8 13. Qb3 Qc7 14. Rc1 h6
15. Bh4 e5 16. dxe5 dxe5 17. Nd2 e4 18. Be2 Bb7 19. Bg3 Qc6 20. Nf1 Rfe8 21.
Ne3 Ne5 22. O-O Nd3 23. Rc2 Qe6 24. a4 a6 25. Qb1 g6 26. Rd2 Qe7 27. Rfd1 b5
28. axb5 axb5 29. c5 Rcd8 30. Bd6 Qe6 31. Bxd3 exd3 32. Qxd3 Ne4 33. Re2 Qf6
34. Ng4 Qg5 35. f3 h5 36. fxe4 Qxg4 37. Rde1 Bc6 38. h3 Qe6 39. Qd4 Ra8 40. Bf4
Ra3 41. Bc1 Rb3 42. Bb2 f6 43. Rf1 Rf8 44. Rf4 Qc4 45. Qf2 Qe6 46. Rd2 Bxe4 47.
Rd6 Qe7 48. Bxf6 Qb7 49. Bd4 Bf5 50. Rxg6+ 1-0

[Event "XXXV Olimpiadi"]
[Site "Bled SLO"]
[Date "2002.11.01"]
[Round "7.2"]
[White "Tu, Hoang Thong"]
[Black "Belotti, Bruno"]
[Result "1-0"]
[WhiteElo "2507"]
[BlackElo "2419"]
[Annotator "ITA-VIE"]
[PlyCount "61"]
[EventDate "2002.10.26"]

1. d4 d6 2. Nf3 Bg4 3. Nbd2 Nd7 4. g3 Ngf6 5. Bg2 e5 6. O-O c6 7. dxe5 dxe5 8.
Nc4 Qc7 9. Nfxe5 Nxe5 10. Bf4 Nfd7 11. Qd4 O-O-O 12. Nxe5 Nxe5 13. Qxe5 Qxe5
14. Bxe5 Rd2 15. Rac1 Rxe2 16. Bd4 c5 17. Be3 Bf5 18. Bf3 Rxc2 19. Bg4 Bxg4 20.
Rxc2 Kb8 21. Bxc5 Bxc5 22. Rxc5 Be6 23. a3 Rd8 24. f3 Rd3 25. Rc3 Rd2 26. Rf2
Rd1+ 27. Kg2 a6 28. Rcc2 Rd3 29. Rcd2 Rb3 30. Rd8+ Kc7 31. Rh8 1-0

[Event "XXXV Olimpiadi"]
[Site "Bled SLO"]
[Date "2002.11.01"]
[Round "7.3"]
[White "Arlandi, Ennio"]
[Black "Bui, Vinh"]
[Result "1/2-1/2"]
[WhiteElo "2448"]
[BlackElo "2459"]
[Annotator "ITA-VIE"]
[PlyCount "84"]
[EventDate "2002.10.26"]

1. d4 d5 2. c4 e6 3. Nf3 c6 4. e3 Nf6 5. Bd3 Nbd7 6. O-O Be7 7. Nc3 dxc4 8.
Bxc4 b5 9. Bd3 Bb7 10. a3 b4 11. axb4 Bxb4 12. e4 Be7 13. Bg5 h6 14. Bh4 O-O
15. Qe2 c5 16. e5 Nd5 17. Qe4 g6 18. Bxe7 Qxe7 19. Nb5 cxd4 20. Qxd4 Nc5 21.
Bc4 Nb6 22. Ra3 Nxc4 23. Qxc4 Bd5 24. Qc1 Kg7 25. Nfd4 a6 26. Nd6 Ne4 27. Nxe4
Bxe4 28. Rc3 Rfd8 29. Nc6 Bxc6 30. Rxc6 Rd7 31. Rd1 Rad8 32. Rxd7 Qxd7 33. Rd6
Rc8 34. Qf4 Qb7 35. Qf6+ Kg8 36. h4 h5 37. Kh2 Re8 38. b4 Qxb4 39. Rxa6 Qe7 40.
Ra8 Qd7 41. Ra6 Qe7 42. Ra8 Qd7 1/2-1/2

[Event "XXXV Olimpiadi"]
[Site "Bled SLO"]
[Date "2002.11.02"]
[Round "8.1"]
[White "Zapata, Alonso"]
[Black "Godena, Michele"]
[Result "1/2-1/2"]
[WhiteElo "2556"]
[BlackElo "2506"]
[Annotator "ITA-COL"]
[PlyCount "116"]
[EventDate "2002.10.26"]

1. e4 e5 2. Nf3 Nc6 3. Bb5 Nf6 4. O-O Nxe4 5. d4 Nd6 6. Bxc6 dxc6 7. dxe5 Ne4
8. Qxd8+ Kxd8 9. Re1 Nc5 10. Nc3 Bf5 11. Nd4 Bg6 12. Bg5+ Be7 13. Bxe7+ Kxe7
14. f4 Rhd8 15. Rad1 Ne6 16. Nce2 Nxd4 17. Nxd4 c5 18. Nf3 Rxd1 19. Rxd1 Bxc2
20. Rc1 Be4 21. Rxc5 c6 22. Nd2 Bd5 23. a3 Rd8 24. Rc2 Ke6 25. Kf2 Kf5 26. Ke3
f6 27. exf6 Re8+ 28. Kf2 Kxf6 29. Nf1 Re4 30. g3 Rd4 31. Nd2 b6 32. Ke3 Ra4 33.
Rc3 g5 34. fxg5+ Kxg5 35. h3 h5 36. Rd3 h4 37. g4 b5 38. Rc3 b4 39. axb4 Rxb4
40. Nf3+ Bxf3 41. Kxf3 Rxb2 42. Rc5+ Kf6 43. Rxc6+ Ke5 44. Rc5+ Kd4 45. Ra5
Rb3+ 46. Kf4 Rxh3 47. Rxa7 Kd5 48. Re7 Rg3 49. g5 Kd6 50. Re2 Rg1 51. Kf5 h3
52. Re6+ Kd7 53. Rh6 Ke7 54. Kg6 Rg3 55. Rh8 Rf3 56. Rh4 Kf8 57. Kh7 Rf7+ 58.
Kh8 Rg7 1/2-1/2

[Event "XXXV Olimpiadi"]
[Site "Bled SLO"]
[Date "2002.11.02"]
[Round "8.2"]
[White "Braga, Fernando Alberto"]
[Black "Cuartas, Jaime Alexander"]
[Result "1-0"]
[WhiteElo "2434"]
[BlackElo "2435"]
[Annotator "ITA-COL"]
[PlyCount "111"]
[EventDate "2002.10.26"]

1. e4 c6 2. c4 d5 3. exd5 cxd5 4. cxd5 Nf6 5. Nc3 g6 6. Bc4 Bg7 7. Nf3 O-O 8.
O-O Nbd7 9. d3 Nb6 10. Qb3 Bf5 11. Re1 Nfd7 12. Bg5 Bf6 13. Bxf6 Nxf6 14. h3
Qd6 15. Ne4 Qd8 16. Nxf6+ exf6 17. Nd4 Bc8 18. a4 Qd6 19. a5 Nd7 20. Qa3 Qxa3
21. Rxa3 Rd8 22. Rc3 Kf8 23. Bb3 b6 24. Nc6 Re8 25. Rxe8+ Kxe8 26. Nxa7 Rxa7
27. Rxc8+ Ke7 28. axb6 Nxb6 29. Rc6 Na4 30. Rc3 Kd7 31. Kf1 Ra5 32. Ke2 Nb6 33.
Kd2 f5 34. d4 Nc8 35. Rc5 Ra1 36. Bd1 Nd6 37. f3 f4 38. b4 Nf5 39. Ra5 Rb1 40.
Ra7+ Kd6 41. Bc2 Rg1 42. Bxf5 Rxg2+ 43. Kd3 gxf5 44. Rxf7 Rf2 45. Rxf5 Rxf3+
46. Kc4 Rf1 47. Rf6+ Ke7 48. Rh6 f3 49. d6+ Kd8 50. Kd5 Rh1 51. Rf6 f2 52. Rxf2
Rxh3 53. b5 Rb3 54. Rf8+ Kd7 55. Rf7+ Kd8 56. d7 1-0

[Event "XXXV Olimpiadi"]
[Site "Bled SLO"]
[Date "2002.11.02"]
[Round "8.3"]
[White "Mosquera, Miguel"]
[Black "Bellini, Fabio"]
[Result "1/2-1/2"]
[WhiteElo "2384"]
[BlackElo "2486"]
[Annotator "ITA-COL"]
[PlyCount "79"]
[EventDate "2002.10.26"]

1. e4 c5 2. Nf3 g6 3. d4 cxd4 4. Nxd4 Bg7 5. c4 Nc6 6. Be3 Nf6 7. Nc3 O-O 8.
Be2 b6 9. O-O Bb7 10. f3 Qb8 11. Qd2 Rd8 12. Rfd1 d6 13. Rac1 Rd7 14. Nxc6 Bxc6
15. Nd5 e6 16. Nb4 Bb7 17. Bd4 Qf8 18. Qc3 Nh5 19. Bxg7 Qxg7 20. Qxg7+ Kxg7 21.
Nd3 Rad8 22. Kf2 f5 23. exf5 gxf5 24. b4 Ba6 25. g4 fxg4 26. fxg4 Nf6 27. Nf4
Kf7 28. Bf3 Bb7 29. Bxb7 Rxb7 30. Kf3 Rc7 31. g5 Nd7 32. Kg3 Ne5 33. c5 bxc5
34. bxc5 Rdc8 35. Rxd6 Rxc5 36. Rxc5 Rxc5 37. Rxe6 Rc3+ 38. Kg2 Rc2+ 39. Kg3
Rc3+ 40. Kg2 1/2-1/2

[Event "XXXV Olimpiadi"]
[Site "Bled SLO"]
[Date "2002.11.02"]
[Round "8.4"]
[White "D'Amore, Carlo"]
[Black "Uribe, Mauricio"]
[Result "1/2-1/2"]
[WhiteElo "2440"]
[BlackElo "2364"]
[Annotator "ITA-COL"]
[PlyCount "38"]
[EventDate "2002.10.26"]

1. Nf3 Nf6 2. g3 d5 3. Bg2 c6 4. d3 Bg4 5. Nbd2 Nbd7 6. h3 Bh5 7. g4 Bg6 8. Nh4
e5 9. e3 Bd6 10. Qe2 Ng8 11. Nf5 Bxf5 12. gxf5 Qf6 13. e4 d4 14. Nf1 Bb4+ 15.
Kd1 g6 16. Ng3 Bf8 17. h4 Bh6 18. Bh3 Bxc1 19. Rxc1 Ne7 1/2-1/2

[Event "XXXV Olimpiadi"]
[Site "Bled SLO"]
[Date "2002.11.04"]
[Round "9.1"]
[White "Godena, Michele"]
[Black "Stefansson, Hannes Hlifar"]
[Result "1/2-1/2"]
[WhiteElo "2506"]
[BlackElo "2566"]
[Annotator "ITA-ISL"]
[PlyCount "39"]
[EventDate "2002.10.26"]

1. e4 c5 2. c3 d5 3. exd5 Qxd5 4. d4 Nf6 5. Nf3 Bg4 6. Be2 e6 7. h3 Bh5 8. O-O
Nc6 9. Be3 cxd4 10. Nxd4 Bxe2 11. Qxe2 Be7 12. Rd1 O-O 13. Nd2 Rfd8 14. N2f3 a6
15. c4 Nxd4 16. Bxd4 Qe4 17. Qxe4 Nxe4 18. Bb6 Rd6 19. Rxd6 Nxd6 20. b3 1/2-1/2

[Event "XXXV Olimpiadi"]
[Site "Bled SLO"]
[Date "2002.11.04"]
[Round "9.2"]
[White "Gretarsson, Helgi Ass"]
[Black "Braga, Fernando Alberto"]
[Result "1-0"]
[WhiteElo "2508"]
[BlackElo "2434"]
[Annotator "ITA-ISL"]
[PlyCount "99"]
[EventDate "2002.10.26"]

1. d4 d5 2. c4 c6 3. Nf3 Nf6 4. Qc2 a6 5. e3 e6 6. Nc3 Nbd7 7. b3 Bd6 8. Bb2
O-O 9. Be2 b5 10. O-O Bb7 11. Rfd1 Rc8 12. e4 b4 13. e5 bxc3 14. Bxc3 Bb8 15.
exf6 Qxf6 16. Bd3 h6 17. c5 Rce8 18. Re1 Qd8 19. b4 f6 20. Nh4 f5 21. Ng6 Rf6
22. Nh4 Rf7 23. g3 g5 24. Nf3 g4 25. Ne5 Bxe5 26. dxe5 h5 27. Bd4 h4 28. Qd2
Nf8 29. a4 Qd7 30. Qg5+ Rg7 31. Qxh4 Rg6 32. b5 axb5 33. axb5 Re7 34. Ra7 Rh7
35. bxc6 Qxc6 36. Qd8 Rgh6 37. h4 gxh3 38. Kh2 Bc8 39. Rea1 Rxa7 40. Rxa7 Bb7
41. Qb6 Rh7 42. Bb5 Qxb6 43. cxb6 Ng6 44. f4 Nf8 45. Ba6 Bxa6 46. Rxa6 Nd7 47.
Ra8+ Kg7 48. b7 Rh8 49. Rxh8 Kxh8 50. Ba7 1-0

[Event "XXXV Olimpiadi"]
[Site "Bled SLO"]
[Date "2002.11.04"]
[Round "9.3"]
[White "Bellini, Fabio"]
[Black "Kristjansson, Stefan"]
[Result "1-0"]
[WhiteElo "2486"]
[BlackElo "2431"]
[Annotator "ITA-ISL"]
[PlyCount "95"]
[EventDate "2002.10.26"]

1. e4 e6 2. Nf3 d5 3. Nc3 Nf6 4. e5 Nfd7 5. d4 c5 6. dxc5 Nc6 7. Bf4 Be7 8. Bb5
Nxc5 9. O-O a6 10. Bxc6+ bxc6 11. Nd4 Qc7 12. Qg4 g5 13. Be3 Nd7 14. Qh5 Nxe5
15. Bxg5 Bxg5 16. Qxg5 Ng6 17. Rfe1 O-O 18. Qf6 Bd7 19. Rad1 Rab8 20. Nb3 Rb4
21. g3 e5 22. Nc5 Bc8 23. Nd3 Rd4 24. Nxe5 Rxd1 25. Nxd1 Re8 26. Nf3 Rxe1+ 27.
Nxe1 Be6 28. Nf3 Bg4 29. Ne3 Bxf3 30. Qxf3 Qe5 31. c3 Ne7 32. Qg4+ Kf8 33. Qd7
f6 34. Qg4 c5 35. Qf3 d4 36. Nc4 Qe6 37. Qd3 Nc6 38. cxd4 cxd4 39. a3 Kg7 40.
Nd2 a5 41. Qe4 Qd6 42. Qg4+ Kf7 43. Qh5+ Kg7 44. Ne4 Qe6 45. Nc5 Qe7 46. Qd5
Ne5 47. Ne6+ Kh8 48. Qa8+ 1-0

[Event "XXXV Olimpiadi"]
[Site "Bled SLO"]
[Date "2002.11.04"]
[Round "9.4"]
[White "Vidarsson, Jon G."]
[Black "Arlandi, Ennio"]
[Result "0-1"]
[WhiteElo "2392"]
[BlackElo "2448"]
[Annotator "ITA-ISL"]
[PlyCount "108"]
[EventDate "2002.10.26"]

1. e4 c5 2. Nf3 e6 3. c4 Qc7 4. Nc3 a6 5. Be2 b6 6. O-O Bb7 7. Re1 d6 8. Bf1
Nf6 9. d4 cxd4 10. Nxd4 Be7 11. f3 O-O 12. Be3 Nbd7 13. Rc1 Rac8 14. Qd2 Rfe8
15. Qf2 Qb8 16. Red1 Bd8 17. b3 Bc7 18. g3 Ne5 19. Be2 Qa8 20. h3 Ng6 21. Nc2
d5 22. Bxb6 Bxb6 23. Qxb6 dxe4 24. f4 h5 25. h4 e5 26. f5 Ne7 27. Qf2 Rcd8 28.
b4 Qc8 29. Ne3 Rd4 30. a3 Red8 31. Re1 Rd2 32. Qf1 Qc6 33. Red1 R8d4 34. Rxd2
Rxd2 35. Qe1 Rd4 36. Qf2 Qd7 37. Nb1 Nc6 38. Nc3 Rd2 39. Rd1 Rxd1+ 40. Ncxd1
Nd4 41. Bf1 Nf3+ 42. Kg2 Qd4 43. Be2 Nd2 44. Qe1 Bc6 45. Kh3 Nf3 46. Bxf3 exf3
47. Qc3 Qd6 48. c5 Qe7 49. Nf2 e4 50. Qd4 Kh7 51. Kh2 Qb7 52. Nh3 Qb5 53. Qd2
Ng4+ 54. Nxg4 Qe2+ 0-1

[Event "XXXV Olimpiadi"]
[Site "Bled SLO"]
[Date "2002.11.05"]
[Round "10.1"]
[White "Nyback, Tomi"]
[Black "Godena, Michele"]
[Result "1/2-1/2"]
[WhiteElo "2445"]
[BlackElo "2506"]
[Annotator "ITA-FIN"]
[PlyCount "129"]
[EventDate "2002.10.26"]

1. c4 e6 2. Nc3 d5 3. d4 Nf6 4. Bf4 c5 5. Nf3 cxd4 6. Nxd4 a6 7. e3 Nbd7 8. Bg3
Nb6 9. cxd5 Nbxd5 10. Nxd5 Qxd5 11. a3 Be7 12. Nb3 Qxd1+ 13. Rxd1 Ne4 14. Bc7
Bd7 15. Bd3 Rc8 16. Be5 Bf6 17. Bxf6 Nxf6 18. Na5 Rc7 19. Kd2 Ke7 20. Rc1 Rhc8
21. f3 h6 22. e4 Rxc1 23. Rxc1 Rxc1 24. Kxc1 Bc8 25. Kd2 Nd7 26. Kc3 b6 27. Nc4
a5 28. Kd4 Bb7 29. e5 Bd5 30. Ne3 Bc6 31. f4 h5 32. f5 h4 33. fxe6 fxe6 34. b4
axb4 35. axb4 Bb7 36. Bb5 Nb8 37. g3 hxg3 38. hxg3 Ba6 39. Kc4 Bb7 40. Kb3 Nd7
41. Bxd7 Kxd7 42. Kc4 Ba6+ 43. b5 Bb7 44. Kd4 Kc7 45. Nc4 Bg2 46. Nd6 Kd7 47.
Nc4 Kc7 48. Nd2 Bh3 49. Ke3 Bf5 50. Nf3 Kd7 51. Nd2 Kc7 52. Ne4 Kd7 53. Kf4 g5+
54. Nxg5 Bd3 55. Ke3 Bxb5 56. Kd4 Be2 57. Ne4 Ke7 58. Nd6 Kf8 59. Nc8 b5 60.
Kc5 Kg7 61. Ne7 Kh6 62. Nc6 Kg5 63. Nd4 Bc4 64. Nxe6+ Bxe6 65. Kd4 1/2-1/2

[Event "XXXV Olimpiadi"]
[Site "Bled SLO"]
[Date "2002.11.06"]
[Round "11.1"]
[White "Godena, Michele"]
[Black "Torre, Eugenio"]
[Result "0-1"]
[WhiteElo "2506"]
[BlackElo "2523"]
[Annotator "ITA-PHI"]
[PlyCount "74"]
[EventDate "2002.10.26"]

1. e4 d6 2. d4 Nf6 3. Nc3 g6 4. Bg5 c6 5. Qd2 b5 6. Bd3 Bg7 7. f4 O-O 8. Nf3 b4
9. Nd1 a5 10. Nf2 Ba6 11. f5 Qb6 12. Bh6 Nbd7 13. Bxg7 Kxg7 14. e5 Ng8 15. h4
Bxd3 16. cxd3 dxe5 17. h5 c5 18. dxe5 gxf5 19. Qg5+ Kh8 20. Qxf5 e6 21. Qf4 f6
22. h6 Qc7 23. Ne4 Nxe5 24. Nxe5 fxe5 25. Qg3 Nf6 26. O-O Nxe4 27. dxe4 Rg8 28.
Qh4 Rg6 29. Rf2 Rag8 30. Raf1 c4 31. Kh1 Qc5 32. Qh2 c3 33. bxc3 bxc3 34. Rc2
Qd4 35. Qh4 Qd3 36. Rff2 Rg5 37. Kg1 Qd1+ 0-1

[Event "XXXV Olimpiadi"]
[Site "Bled SLO"]
[Date "2002.11.06"]
[Round "11.2"]
[White "Antonio, Rogelio jr"]
[Black "Braga, Fernando Alberto"]
[Result "1-0"]
[WhiteElo "2507"]
[BlackElo "2434"]
[Annotator "ITA-PHI"]
[PlyCount "75"]
[EventDate "2002.10.26"]

1. e4 c5 2. c3 d5 3. exd5 Qxd5 4. d4 Nf6 5. Be3 Ng4 6. Nf3 Nc6 7. Bd3 cxd4 8.
cxd4 Nxe3 9. fxe3 e6 10. O-O Be7 11. Nc3 Qh5 12. Ne4 O-O 13. Rc1 Qh6 14. Re1
Rd8 15. Qb3 Qh5 16. a3 Qa5 17. Bb1 g6 18. Rf1 Bd7 19. Nc5 Qb6 20. Qc2 Be8 21.
Qf2 e5 22. b4 exd4 23. Ba2 d3 24. Nd2 Kh8 25. Nc4 Qc7 26. Qb2+ Kg8 27. Qf2 Rac8
28. Nd2 Ne5 29. Qf4 b6 30. Nxd3 Nxd3 31. Qxc7 Rxc7 32. Rxc7 Bg5 33. Ne4 Bxe3+
34. Kh1 Nf2+ 35. Nxf2 Bxf2 36. Bb3 Rd3 37. Bc4 Rd2 38. Rc8 1-0

[Event "XXXV Olimpiadi"]
[Site "Bled SLO"]
[Date "2002.11.06"]
[Round "11.3"]
[White "Bellini, Fabio"]
[Black "Villamayor, Buenaventura"]
[Result "1-0"]
[WhiteElo "2486"]
[BlackElo "2503"]
[Annotator "ITA-PHI"]
[PlyCount "75"]
[EventDate "2002.10.26"]

1. e4 e6 2. d3 d5 3. Qe2 dxe4 4. dxe4 e5 5. Nf3 Nc6 6. c3 Nf6 7. Qc2 Bd6 8.
Nbd2 O-O 9. Nc4 h6 10. Be2 Qe7 11. Nfd2 a5 12. Nxd6 Qxd6 13. Nf1 Be6 14. Ne3
Rfd8 15. O-O Qc5 16. a4 Ne7 17. Re1 Qc6 18. Bf3 Qb6 19. Nf5 Nxf5 20. exf5 Bb3
21. Qb1 Bd5 22. Be3 Qc6 23. Bxd5 Rxd5 24. Re2 Rad8 25. Qc2 Qd7 26. Rae1 b6 27.
f3 Qc6 28. Bf2 Nd7 29. b4 Nf6 30. c4 Rd3 31. b5 Qd7 32. c5 bxc5 33. Qxc5 Rd5
34. Qc3 Qxf5 35. Qxc7 Qd3 36. b6 Qb3 37. Rxe5 R5d7 38. Qc6 1-0

[Event "XXXV Olimpiadi"]
[Site "Bled SLO"]
[Date "2002.11.06"]
[Round "11.4"]
[White "Paragua, Mark"]
[Black "D'Amore, Carlo"]
[Result "1-0"]
[WhiteElo "2476"]
[BlackElo "2440"]
[Annotator "ITA-PHI"]
[PlyCount "113"]
[EventDate "2002.10.26"]

1. e4 e5 2. d4 exd4 3. Qxd4 Nc6 4. Qe3 Nf6 5. Nc3 Bb4 6. Bd2 O-O 7. O-O-O Re8
8. Qg3 d6 9. f3 Ne5 10. h4 Kh8 11. Nh3 Nh5 12. Qf2 Bc5 13. Qe1 c6 14. Be2 b5
15. g4 Nf6 16. g5 Nfd7 17. h5 Nb6 18. g6 Bxh3 19. h6 fxg6 20. hxg7+ Kg8 21.
Rxh3 Nbc4 22. f4 Nxd2 23. Qxd2 Nf7 24. Rdh1 h6 25. Rg3 Qf6 26. Bd3 Qxg7 27. e5
g5 28. Ne4 Nxe5 29. fxe5 Rxe5 30. Rgh3 Re6 31. Qh2 Bd4 32. Rxh6 Bxb2+ 33. Kd1
Be5 34. Qh3 Rxh6 35. Qxh6 Qxh6 36. Rxh6 Kg7 37. Re6 Rh8 38. Nxd6 Bf4 39. Rg6+
Kf8 40. Ne4 Rg8 41. Rxc6 Ke7 42. Bxb5 g4 43. Bf1 Rh8 44. Rg6 Rh1 45. Ke1 Rh4
46. c4 Be5 47. c5 Rh2 48. Bc4 Rc2 49. Bb3 Rc1+ 50. Kd2 Bf4+ 51. Kd3 g3 52. c6
Be5 53. Nxg3 Rc3+ 54. Kd2 Rxg3 55. Re6+ Kd8 56. Rxe5 Kc7 57. Re6 1-0

[Event "XXXV Olimpiadi"]
[Site "Bled SLO"]
[Date "2002.11.07"]
[Round "12.3"]
[White "Rychagov, Mikhail"]
[Black "Belotti, Bruno"]
[Result "1/2-1/2"]
[WhiteElo "2506"]
[BlackElo "2419"]
[Annotator "ITA-EST"]
[PlyCount "71"]
[EventDate "2002.10.26"]

1. e4 d5 2. exd5 Qxd5 3. Nc3 Qa5 4. d4 Nf6 5. Nf3 c6 6. Bc4 Bf5 7. Bd2 e6 8.
Nd5 Qd8 9. Nxf6+ Qxf6 10. Qe2 Bg4 11. d5 Bxf3 12. gxf3 cxd5 13. Bxd5 Nc6 14.
Bxc6+ bxc6 15. Qe4 Rc8 16. O-O-O Ba3 17. c3 Bc5 18. Be3 Qf5 19. Qxf5 Bxe3+ 20.
Kc2 exf5 21. Rhe1 O-O 22. Rxe3 Rc7 23. b4 g6 24. Kb3 Rb8 25. Kc4 Kg7 26. f4 a5
27. a3 axb4 28. cxb4 Ra7 29. Kc5 Ra6 30. Rd7 Rb5+ 31. Kc4 Rb8 32. Ree7 Rf8 33.
Ra7 Rxa7 34. Rxa7 Re8 35. Kc5 Re4 36. Kxc6 1/2-1/2

[Event "XXXV Olimpiadi"]
[Site "Bled SLO"]
[Date "2002.11.07"]
[Round "12.4"]
[White "Arlandi, Ennio"]
[Black "Kanep, Meelis"]
[Result "1/2-1/2"]
[WhiteElo "2448"]
[BlackElo "2423"]
[Annotator "ITA-EST"]
[PlyCount "70"]
[EventDate "2002.10.26"]

1. d4 d5 2. c4 c6 3. Nf3 e6 4. e3 f5 5. Bd3 Nf6 6. O-O Bd6 7. b3 Qe7 8. Bb2 O-O
9. Qc1 b6 10. Ba3 Bxa3 11. Qxa3 c5 12. cxd5 Nxd5 13. dxc5 bxc5 14. Rc1 Nd7 15.
Nc3 Bb7 16. Nxd5 Bxd5 17. Ne1 a6 18. Be2 Rfc8 19. Rc3 Rc7 20. Rac1 Rac8 21. Bf3
Rc6 22. Qb2 Ne5 23. Bxd5 exd5 24. Qd2 Qe6 25. Nd3 Nxd3 26. Rxd3 Rd6 27. Rd1
Rcd8 28. Qa5 Rc8 29. Qd2 Rcd8 30. Rc1 Rc8 31. h3 g6 32. Rd1 Rcd8 33. Rc1 Rc8
34. Qa5 Rdc6 35. Qd2 Rd6 1/2-1/2

[Event "XXXV Olimpiadi"]
[Site "Bled SLO"]
[Date "2002.11.08"]
[Round "13.1"]
[White "Godena, Michele"]
[Black "Kengis, Edvins"]
[Result "1/2-1/2"]
[WhiteElo "2506"]
[BlackElo "2570"]
[Annotator "ITA-LAT"]
[PlyCount "106"]
[EventDate "2002.10.26"]

1. e4 c5 2. c3 d5 3. exd5 Qxd5 4. d4 g6 5. Nf3 Bg7 6. Na3 Nf6 7. Bc4 Qe4+ 8.
Be3 O-O 9. O-O cxd4 10. Bxd4 Nc6 11. Re1 Qf4 12. Be3 Qg4 13. h3 Qh5 14. Nd4
Qxd1 15. Raxd1 Bd7 16. Nxc6 Bxc6 17. Bc5 Ne4 18. Bxe7 Rfe8 19. Bh4 g5 20. Bg3
Bf8 21. Nb5 Nxg3 22. fxg3 Rad8 23. Nd4 Rxe1+ 24. Rxe1 Bc5 25. Rf1 Bxd4+ 26.
cxd4 Rxd4 27. Bxf7+ Kg7 28. Bh5 Bd5 29. a3 b5 30. Bf3 Bxf3 31. Rxf3 Rd1+ 32.
Kh2 Rd2 33. b4 a6 34. g4 Kg6 35. Kg3 Rd6 36. h4 gxh4+ 37. Kxh4 h6 38. Rc3 Re6
39. Rc8 Rd6 40. Rc5 Re6 41. g5 h5 42. g4 hxg4 43. Kxg4 Re4+ 44. Kf3 Rh4 45.
Rc6+ Kxg5 46. Rxa6 Kf5 47. Ra5 Rh3+ 48. Kg2 Kg4 49. Ra8 Rb3 50. Kf2 Kf4 51. Ke2
Ke4 52. Kd2 Kd5 53. Rd8+ Ke5 1/2-1/2

[Event "XXXV Olimpiadi"]
[Site "Bled SLO"]
[Date "2002.11.08"]
[Round "13.2"]
[White "Miezis, Normunds"]
[Black "Braga, Fernando Alberto"]
[Result "0-1"]
[WhiteElo "2523"]
[BlackElo "2434"]
[Annotator "ITA-LAT"]
[PlyCount "136"]
[EventDate "2002.10.26"]

1. c4 e5 2. Nc3 Nf6 3. g3 Nc6 4. Bg2 Bc5 5. e3 d5 6. cxd5 Nb4 7. d4 exd4 8.
exd4 Be7 9. Nge2 Nbxd5 10. O-O c6 11. Nf4 Nxf4 12. Bxf4 Be6 13. Re1 O-O 14. Be5
Re8 15. h3 Nd5 16. g4 Nb6 17. Qf3 Nc4 18. Re2 Nxe5 19. dxe5 Qa5 20. Qg3 Rad8
21. g5 Bc4 22. Re4 Rd3 23. Qf4 Be6 24. Bf1 Rd7 25. Bc4 Bd8 26. Bxe6 Rxe6 27.
Rae1 Bxg5 28. Qg3 Bd8 29. Kh1 Rg6 30. Qe3 Bb6 31. Qe2 h6 32. Rg4 Rxg4 33. Qxg4
Rd8 34. b4 Qa3 35. Rg1 g6 36. Ne4 Qxa2 37. Qf5 Kg7 38. Qf6+ Kh7 39. Kh2 Qe6 40.
Rxg6 Qxf6 41. Rxf6 Kg7 42. Nd6 Rd7 43. f4 c5 44. Nf5+ Kh7 45. Rxh6+ Kg8 46.
bxc5 Bxc5 47. Rh5 Rd2+ 48. Kg3 Rd1 49. Nh6+ Kg7 50. Nf5+ Kg8 51. Kf3 Rg1 52.
Nh6+ Kg7 53. Nf5+ Kf8 54. Rh8+ Rg8 55. Rh7 Ke8 56. Nh6 Rf8 57. Ke4 a5 58. Nf5
a4 59. Rg7 a3 60. Rg2 Kd7 61. Kd5 b6 62. Nh6 Ra8 63. Rg7 a2 64. e6+ Kc8 65. Kc6
Kb8 66. Nxf7 a1=Q 67. Ne5 Qa4+ 68. Kd5 Qd4+ 0-1

[Event "XXXV Olimpiadi"]
[Site "Bled SLO"]
[Date "2002.11.08"]
[Round "13.4"]
[White "Berzinsh, Roland"]
[Black "Arlandi, Ennio"]
[Result "0-1"]
[WhiteElo "2472"]
[BlackElo "2448"]
[Annotator "ITA-LAT"]
[PlyCount "42"]
[EventDate "2002.10.26"]

1. e4 c5 2. Nf3 e6 3. d4 cxd4 4. Nxd4 Nf6 5. Nc3 d6 6. Bc4 a6 7. Bb3 b5 8. O-O
Be7 9. Qf3 Qc7 10. Qg3 O-O 11. Bh6 Ne8 12. Rad1 Bd7 13. a3 Nc6 14. Nxc6 Bxc6
15. f4 Kh8 16. Bg5 a5 17. Rd3 b4 18. Qh4 Bxg5 19. fxg5 bxc3 20. g6 Nf6 21. gxf7
cxb2 0-1

[Event "XXXV Olimpiadi"]
[Site "Bled SLO"]
[Date "2002.11.10"]
[Round "14.1"]
[White "Godena, Michele"]
[Black "Hracek, Zbynek"]
[Result "1/2-1/2"]
[WhiteElo "2506"]
[BlackElo "2607"]
[Annotator "ITA-CZE"]
[PlyCount "48"]
[EventDate "2002.10.26"]

1. e4 c5 2. c3 d5 3. exd5 Qxd5 4. d4 Nf6 5. Nf3 Bg4 6. Be2 e6 7. h3 Bh5 8. O-O
Nc6 9. Be3 cxd4 10. Nxd4 Bxe2 11. Qxe2 Be7 12. Rd1 O-O 13. Nd2 Rfd8 14. N2f3 a6
15. c4 Qe4 16. Nxc6 Qxc6 17. b3 Rac8 18. Rac1 Kf8 19. Kf1 Qe4 20. Bb6 Rxd1+ 21.
Rxd1 Ke8 22. Qd2 h6 23. Re1 Qc6 24. Qe3 Bc5 1/2-1/2

[Event "XXXV Olimpiadi"]
[Site "Bled SLO"]
[Date "2002.11.10"]
[Round "14.2"]
[White "Babula, Vlastimil"]
[Black "Braga, Fernando Alberto"]
[Result "1-0"]
[WhiteElo "2590"]
[BlackElo "2434"]
[Annotator "ITA-CZE"]
[PlyCount "43"]
[EventDate "2002.10.26"]

1. d4 Nf6 2. c4 d6 3. Nc3 Nbd7 4. e4 e5 5. Nf3 c6 6. Be2 a6 7. O-O b5 8. b4
bxc4 9. Bxc4 Be7 10. Bxf7+ Kxf7 11. Ng5+ Kg6 12. f4 exf4 13. Ne2 Kxg5 14. Nxf4
Qe8 15. Qd3 Ne5 16. dxe5 Ng4 17. exd6 Bf6 18. e5 Nxe5 19. Ne6+ Kh5 20. Qf5+ g5
21. Ng7+ Kh6 22. Qxf6+ 1-0

[Event "IV Weekend A"]
[Site "Trieste ITA"]
[Date "2002.10.26"]
[Round "1"]
[White "Arcion, Riccardo"]
[Black "Badiali, Carlo"]
[WhiteElo "1816"]
[BlackElo "1705"]
[Result "1-0"]
[PlyCount "59"]
[EventDate "2002.10.26"]

1. d4 Nf6 2. c4 g6 3. Nc3 d5 4. Nf3 Bg7 5. cxd5 Nxd5 6. g3 O-O 7. Bg2 c5 8. e3
Nc6 9. Qb3 Ndb4 10. O-O Be6 11. Qa4 cxd4 12. exd4 Nxd4 13. Nxd4 Qxd4 14. Be3
Qc4 15. Bxb7 Rab8 16. Bg2 Nd3 17. Qxc4 Bxc4 18. Bxa7 Rxb2 19. Nd5 Re8 20. a4 e6
21. Ne3 Ba6 22. Rab1 Ra2 23. Bc6 Re7 24. Rb8+ Bf8 25. Bd4 e5 26. Bb6 Kg7 27. a5
Re6 28. Bd5 Rd6 29. Bxa2 Nb4 30. Bc4 1-0

[Event "IV Weekend A"]
[Site "Trieste ITA"]
[Date "2002.10.26"]
[Round "1"]
[White "Capaliku, Aleks"]
[Black "Varini, Massimo"]
[WhiteElo "1786"]
[BlackElo "2087"]
[Result "0-1"]
[PlyCount "106"]
[EventDate "2002.10.26"]

1. f4 Nf6 2. Nf3 c5 3. e3 g6 4. b3 Bg7 5. Bb2 O-O 6. Be2 Nc6 7. O-O d5 8. Bb5
Qb6 9. Bxc6 bxc6 10. Qe2 a5 11. a4 Ba6 12. d3 c4 13. Nbd2 cxd3 14. cxd3 Ne4 15.
Bxg7 Kxg7 16. Rfc1 Nc5 17. Rc3 Ne6 18. Kh1 Kg8 19. Ne5 d4 20. Rxc6 Qa7 21. Rxe6
fxe6 22. Nc6 Qc5 23. Nxd4 Qc3 24. Qe1 Rfd8 25. N2f3 Rac8 26. Ne5 Bxd3 27. Nxe6
Qb2 28. Nxd8 Be4 29. Nf3 Rxd8 30. Qc1 Qxb3 31. Nd4 Qd5 32. Qb2 Rc8 33. Qb3
Bxg2+ 34. Kg1 Rc4 35. Qb8+ Kg7 36. Qe5+ Qxe5 37. fxe5 Be4 38. Kf2 Rb4 39. Kg3
Bd5 40. Kf4 Rb2 41. e4 Rb4 42. Ke3 Bb3 43. Nc6 Rxa4 44. Rxa4 Bxa4 45. Nxa5 Kh6
46. Kf2 Kh5 47. Kg3 Kg5 48. Nb7 Bc2 49. Nc5 Kh5 50. Kf4 Kh4 51. Ne6 h6 52. Nf8
g5+ 53. Kf5 Kh3 0-1

[Event "IV Weekend A"]
[Site "Trieste ITA"]
[Date "2002.10.26"]
[Round "1"]
[White "Fantini, Marco"]
[Black "Punteri, Marco"]
[WhiteElo "1707"]
[BlackElo "1885"]
[Result "1-0"]
[PlyCount "95"]
[EventDate "2002.10.26"]

1. d4 Nf6 2. Nc3 c5 3. d5 g6 4. e4 d6 5. Bb5+ Bd7 6. a4 Bg7 7. Nf3 O-O 8. Nd2
e6 9. O-O exd5 10. exd5 Bg4 11. Be2 Bxe2 12. Qxe2 Re8 13. Qb5 Nbd7 14. Nc4 Ne5
15. Nxe5 Rxe5 16. Bf4 Rf5 17. Bg3 Rb8 18. Qc4 Nh5 19. Bh4 Qd7 20. Qb5 Qc7 21.
Rae1 Be5 22. g4 Rf4 23. Re4 Qc8 24. Qe2 Rxe4 25. Nxe4 Nf4 26. Qf3 Nxd5 27. c4
Nf4 28. Bf6 Qe6 29. Bg5 Re8 30. Re1 Kg7 31. Nf6 Ne2+ 32. Rxe2 Bxh2+ 33. Kf1
Qxe2+ 34. Qxe2 Rxe2 35. Kxe2 Be5 36. Ne4 f5 37. gxf5 gxf5 38. Nc3 Kg6 39. Bd8
a6 40. Nd1 f4 41. f3 Kf5 42. b3 Bd4 43. Nf2 d5 44. Nd3 dxc4 45. bxc4 Ke6 46.
Nxf4+ Kd7 47. Bb6 Kc6 48. a5 1-0